书目信息 |
| 题名: |
考研英语大纲词汇超级背诵宝典
|
|
| 作者: | 霍岩廖 编著 | |
| 分册: | ||
| 出版信息: | 北京 世界图书出版公司 |
|
| 页数: | 86页 | |
| 开本: | 28cm | |
| 丛书名: | ||
| 单 册: | ||
| 中图分类: | h313 | |
| 科图分类: | ||
| 主题词: | 英语 | |
| 电子资源: | ||
| ISBN: | 7-5062-7731-X | |
| 000 | 00612nam0 2200193 450 | |
| 001 | 1337234723 | |
| 005 | 20131231105016.64 | |
| 010 | @a7-5062-7731-X@dCNY56.80 | |
| 100 | @a20131231d km y0chiy0120 ea | |
| 101 | 0 | @achi |
| 102 | @aCN@b110000 | |
| 200 | 1 | @a考研英语大纲词汇超级背诵宝典@Akao yan ying yu da gang ci hui chao ji bei song bao dian@f霍岩廖等编著@Fhuo yan liao deng bian zhu |
| 210 | @a北京@c世界图书出版公司 | |
| 215 | @a86页@d28cm | |
| 606 | 0 | @a英语 |
| 690 | @ah313@v4 | |
| 701 | 0 | @a霍岩廖@Ahuo yan liao@4编著 |
| 801 | 0 | @aCN@b大连网信软件有限公司图书馆·11@c20131231 |
| 905 | @aZUCC@dH313@eH980 | |
| 考研英语大纲词汇超级背诵宝典/霍岩廖等编著.-北京:世界图书出版公司 |
| 86页;28cm |
| ISBN 7-5062-7731-X:CNY56.80 |
| ● |
| 相关链接 |
|
|
|
正题名:考研英语大纲词汇超级背诵宝典
索取号:H313/H980
 
预约/预借
| 序号 | 登录号 | 条形码 | 馆藏地/架位号 | 状态 | 备注 |
| 1 | 492645 | 204926456 | 语言库209/209语言库 102排5列2层/ [索取号:H313/H980] | 在馆 |